ბათუმის შოთა რუსთაველის სახელმწიფო უნივერსიტეტის ბიბლიოთეკა

Firewall (ბიბ.ჩანაწერი № 45907)

000 -LEADER
fixed length control field 00393nam a2200193Ia 4500
001 - CONTROL NUMBER
control field 12736
003 - CONTROL NUMBER IDENTIFIER
control field GE_BSU
008 - FIXED-LENGTH DATA ELEMENTS--GENERAL INFORMATION
fixed length control field 181216s||||||||xx |||||||||||||| ||und||
040 ## - CATALOGING SOURCE
Transcribing agency GE_BSU
080 ## - UNIVERSAL DECIMAL CLASSIFICATION NUMBER
Universal Decimal Classification number 821.111-312.4
100 ## - MAIN ENTRY--PERSONAL NAME
Personal name McNab,Andy
245 ## - TITLE STATEMENT
Title Firewall
260 ## - PUBLICATION, DISTRIBUTION, ETC.
Place of publication, distribution, etc. Berlin
260 ## - PUBLICATION, DISTRIBUTION, ETC.
Name of publisher, distributor, etc. Corgi books
260 ## - PUBLICATION, DISTRIBUTION, ETC.
Date of publication, distribution, etc. 2001
300 ## - PHYSICAL DESCRIPTION
Extent 575p.18cm.
653 ## - INDEX TERM--UNCONTROLLED
Uncontrolled term Firewall
942 ## - ADDED ENTRY ELEMENTS (KOHA)
Koha item type წიგნი
ეგზემპლარები
Withdrawn status Lost status Damaged status Not for loan Date acquired Barcode Date last seen Price effective from Koha item type
        2018-12-17 35758 2018-12-17 2018-12-17 წიგნი